000 01007nam a22003257a 4500
001 000047262
003 CHAP
005 20220329140040.0
008 971013s1944 r 00010 d
010 _a46202
011 _a47174
035 _a51316
040 _cCHAP
090 _aFolleto 673
110 _aUnion of American Biological Societies
_9116202
245 0 _aOrganización de los estudios superiores de biología en los Estados Unidos.
260 _a(s.l.) :
_bThe Union,
_c1944.
300 _a31 p.
590 _aBATCH-UPD
_b10
_c20130110
_lUCH01
_h1905
590 _aBATCH-UPD
_b10
_c20130409
_lUCH01
_h2344
590 _aBATCH-UPD
_b10
_c20130914
_lUCH01
_h0633
590 _aCONVERSION
_b10
_c20130109
_lUCH01
_h1325
590 _aE5765TAJ
_b05
_c20150506
_lUCH01
_h1213
650 1 4 _aBiología
_xEstudio y enseñanza.
_912782
650 1 4 _aEducación superior
_xE.U.A.
_935627
901 _aBK
942 _cFOLL
942 _n0
949 _a634.772 U5
_bBC
_cFOLL
_d-114870
_eTS1
_i51316
_mD
_si
999 _c46202
_d46202